000
00239 a2200097 4500
001
2844
100
_a
An introduction to the Russian novel
245
_a
An introduction to the Russian novel
260
_a
_b
Methuen
_c
090
_c
2139
_d
2139
942
_a
NUST-CAE
_c
M
_c
12658
999
_c
237917
_d
237917